Wszystkie miasta w małopolskim poniżej 10k mieszkańców - Statystyki

Ogólne statystyki
  • Ten quiz został rozwiązany 31 razy
    20 od ostatniego zresetowania
  • Średni wynik to 26 z 37
Statystyki odpowiedzi
Powiat Miasto % Poprawnych
suski Maków Podhalański
88%
limanowski Mszana Dolna
88%
suski Sucha Beskidzka
88%
gorlicki Biecz
81%
nowosądecki Muszyna
81%
bocheński Nowy Wiśnicz
81%
proszowicki Proszowice
81%
nowosądecki Stary Sącz
81%
olkuski Wolbrom
81%
oświęcimski Zator
81%
nowotarski Czarny Dunajec
75%
myślenicki Dobczyce
75%
nowosądecki Grybów
75%
wadowicki Kalwaria Zebrzydowska
75%
miechowski Książ Wielki
75%
proszowicki Nowe Brzesko
75%
nowosądecki Piwniczna-Zdrój
75%
krakowski Skała
75%
krakowski Słomniki
75%
krakowski Świątniki Górne
75%
nowotarski Szczawnica
75%
gorlicki Bobowa
69%
suski Jordanów
69%
krakowski Krzeszowice
69%
tarnowski Wojnicz
69%
brzeski Czchów
63%
proszowicki Koszyce
63%
tarnowski Ryglice
63%
myślenicki Sułkowice
63%
dąbrowski Szczucin
63%
tarnowski Żabno
63%
chrzanowski Alwernia
56%
oświęcimski Chełmek
56%
tarnowski Ciężkowice
56%
tarnowski Tuchów
50%
tarnowski Zakliczyn
50%
tarnowski Radłów
44%
Nie znaleziono quizów pasujących do podanych kryteriów
Rozkład punktacji
Procent ludzi z każdym wynikiem
Percentyl według liczby udzielonych odpowiedzi
Twoja historia wyników
Nie rozwiązałeś tego quizu od ostatniego zresetowania